000 00609nam a22001937a 4500
005 20251108165156.0
008 250721s1987 xx 000 0 ara d
082 1 4 _a575.0162/شمس
100 1 _aبلوت، شمس الدين آق
245 1 0 _aدارون و نظرية التطور /
264 1 _aاستنابول :
_bدار يني آسيا للنشر،
_c1987.
300 _a165ص
490 0 _aسلسلة العلوم و التقنية
650 1 7 _aالتطور
650 1 7 _aنظرية التطور
700 1 _aعلي، أورخان محمد
_eترجمة
942 _2ddc
_cBK
999 _c21330
_d21330